1306 1967 1485 1468 1077 1022 1795 1751 1263 1417 1243 1003 1050 1663 1348 1520 1627 1728 1597 1377 1873 1576 1050 1849 1912 1938 1325 1946 1779 1316 1748 1781 1323 1487 1705 1596 1262 1244 1499 1626 1359 1566 1504 1060 1119 1410 1212 1241 1701 1456 1593 1984 1223 1168 1321 1133 1358 1365 1210 1145 1801 1196 1747 1548 1166 1854 1055 1615 1064 1001 1578 1067 1834 1798 1857 1374 1498 1671 1008 1692 1223 1935 1382 1558 1333 1833 1694 1847 1332 1572 1587 1847 1516 1329 1738 1699 1566 1240 1182 BCNSPRNW ULIB Ver.6.0+V

เปลี่ยนเป็นภาษาไทย

Change to English
 แสดงรายละเอียดบรรณานุกรม
  กลับหน้าหลัก

Brief Record : Get Marc (ISO 2709) : E-mail record : QR code < ปิดหน้าต่าง
LEADER : 00000nam 2200000uu 4500
001    13399129204
003     ULIB
008    020711s2568 th a 000 0 tha d
020    ^a9786166299366
060    ^aWY161^bร632ก
100    ^aรุ่งนภา เขียวชะอ่ำ
245    ^aการพยาบาลผู้ป่วยบาดเจ็บที่สมองตั้งแต่ระยะก่อนถึงโรงพยาบาลสู่การดูแลที่บ้าน Nursing care for patients with traumatic brain injury from prehospital to home care
250    ^aพิมพ์ครั้งที่ 1
260    ^aขอนแก่น :^bเพ็ญพริ้นติ้ง,^c2568
300    ^a226 หน้า;^b25 ซม.
650    ^aศัลยกรรม^xสมอง^xการพยาบาล
650    ^aผ่าตัด^xสมอง^xการพยาบาล
999    ^aประนอม เกษจรัล
รายการนี้ยังไม่มีแท็ก
คุณยังไม่ได้ล็อกอิน คุณสามารถมีกิจกรรมร่วมกับเว็บไซต์ได้ แต่ต้องล็อกอินก่อน ::
  ล็อกอิน

รายการสื่อสารสนเทศ

ลำดับที่ ประเภท เลขเรียก/บาร์โค้ด สถานที่ สถานะ
1. Book การพยาบาล
หนังสือสำรอง
สถานะ=หนังสือสำรอง
WY161 ร632ก ฉ.1 
  Barcode: 012153
ห้องสมุดวิทยาเขตสวรรค์ประชารักษ์
►หนังสือทั่วไป
บนชั้น
2. Book การพยาบาล
Book การพยาบาล
WY161 ร632ก ฉ.2 
  Barcode: 012154
ห้องสมุดวิทยาเขตสวรรค์ประชารักษ์
►หนังสือทั่วไป
บนชั้น
3. Book การพยาบาล
Book การพยาบาล
WY161 ร632ก ฉ.3 
  Barcode: 012155
ห้องสมุดวิทยาเขตสวรรค์ประชารักษ์
►หนังสือทั่วไป
บนชั้น
4. Book การพยาบาล
Book การพยาบาล
WY161 ร632ก ฉ.4 
  Barcode: 012156
ห้องสมุดวิทยาเขตสวรรค์ประชารักษ์
►หนังสือทั่วไป
บนชั้น
5. Book การพยาบาล
Book การพยาบาล
WY161 ร632ก ฉ.5 
  Barcode: 012157
ห้องสมุดวิทยาเขตสวรรค์ประชารักษ์
►หนังสือทั่วไป
บนชั้น

BibComment


ยังไม่เคยถูกคอมเมนท์

คอมเมนท์ทรัพยากรรายการนี้
  คอมเมนท์: การพยาบาลผู้ป่วย..


 Copyright 2026. Bcnsprnw @Library